III diálogo entre las ciencias, la filosofía y la teología. Volumen I /

Bibliographic Details
Corporate Author: Congreso Razón Abierta Madrid, Spain
Other Authors: Lacalle Noriega, María (Editor)
Format: Electronic Conference Proceeding eBook
Language:Spanish
Published: Pozuelo de Alarcón, Madrid : Universidad Francisco de Vitoria, UFV Madrid, Editorial, 2020.
Edition:Primera edición.
Series:Colección Razón abierta. Serie Estudios.
Subjects:
Online Access:Digitalia Hispánica

MARC

LEADER 00000nam a2200000Ii 4500
001 DIGEDUFV0045
003 NyNyDIG
006 m o d
007 cr |||||||||||
008 220430s2020 sp a ob 100 0 spa d
035 |a (OCoLC)1319852628 
040 |a DGITA  |b eng  |e rda  |e pn  |c DGITA 
020 |a 9788418360404  |q eBook  |q pdf 
020 |z 9788418360398  |q edición impresa 
050 1 4 |a BL241 ebook 
082 0 4 |a 215 
111 2 |a Congreso Razón Abierta  |n (3rd :  |d 2019 :  |c Madrid, Spain),  |j author. 
245 1 0 |a III diálogo entre las ciencias, la filosofía y la teología.  |n Volumen I /  |c III Congreso Razón Abierta, 19-21 de septiembre de 2019, Universidad Francisco de Vitoria (Madrid) ; directora, María Lacalle Noriega. 
250 |a Primera edición. 
264 1 |a Pozuelo de Alarcón, Madrid :  |b Universidad Francisco de Vitoria, UFV Madrid, Editorial,  |c 2020. 
300 |a 1 online resource :  |b illustrations. 
336 |a text  |b txt  |2 rdacontent 
337 |a computer  |b c  |2 rdamedia 
338 |a online resource  |b cr  |2 rdacarrier 
347 |a text file  |2 rdaft 
347 |b PDF 
490 1 |a Colección Razón abierta. Serie Estudios 
504 |a Includes bibliographical references. 
588 0 |a Online resource; title from PDF title page (Digitalia, viewed April 30, 2022) 
650 0 |a Religion and science  |v Congresses. 
650 0 |a Philosophy and religion  |v Congresses. 
650 0 |a Philosophy and science  |v Congresses. 
655 0 |a Electronic books. 
700 1 |a Lacalle Noriega, María,  |e editor. 
791 2 |a Digitalia (Firm),  |e distributor. 
793 0 |g Digitalia eBook Collection:  |a Editorial Universidad Francisco de Vitoria 
776 0 8 |i Print version:  |a Congreso Razón Abierta (3rd : 2019 : Madrid, Spain).  |t III diálogo entre las ciencias, la filosofía y la teología.  |b Primera edición.  |d Pozuelo de Alarcón, Madrid : Universidad Francisco de Vitoria, UFV Madrid, Editorial, 2020  |z 9788418360398 
830 0 |a Colección Razón abierta.  |p Serie Estudios. 
856 4 0 |3 Digitalia Hispánica  |u https://www.digitaliapublishing.com/a/104119/ 
910 |a Premium collection: 2022